000 00420nam a22001577a 4500
999 _c12622
_d12622
008 210209b ||||| |||| 00| 0 eng d
082 0 0 _a623.872
_bB865
100 _94759
_aBroersma, Ir. G.
245 1 0 _aMarine gears
_cby Ir. G. Broersma
250 _a1st ed.
260 _aNetherlands:
_bTechnical Publications
_c 1961
300 _a439p.
365 _d533.00
650 0 _aShips--Transmission Devices
942 _cBK